Green marketing: má vaše značka zezelenat?

Absencia konkrétnych dôkazov o dopade ekomarketingu na jednotlivé značky a na konkrétne ekologické problémy. Paradoxy v oblasti ekomarketingu. Správanie spotrebiteľov klasifikované ako environmentálne prínosné - často náhodné. Šetrenie v určitých oblastiach, aby sa mohlo inde utratiť viac. Ekologick...

Ausführliche Beschreibung

Gespeichert in:
Bibliographische Detailangaben
1. Verfasser: Acreman, Shirley
Weitere Verfasser: Took, David, Snow, Liz
Format: Buchkapitel
Sprache:Tschechisch
Schlagworte:
Tags: Tag hinzufügen
Keine Tags, Fügen Sie das erste Tag hinzu!

MARC

LEADER 00000naa$a2200000$$$4500
001 0075274
005 20231018131005.3
041 0 |a cze 
044 |a CZ 
245 1 0 |a Green marketing: má vaše značka zezelenat?  |c Shirley Acreman, David Took, Liz Snow 
520 |a Absencia konkrétnych dôkazov o dopade ekomarketingu na jednotlivé značky a na konkrétne ekologické problémy. Paradoxy v oblasti ekomarketingu. Správanie spotrebiteľov klasifikované ako environmentálne prínosné - často náhodné. Šetrenie v určitých oblastiach, aby sa mohlo inde utratiť viac. Ekologické témy v médiách. Snaha o pochopenie spotrebiteľov - ako na nich pôsobia ekologické témy. Dôveryhodný a motivačný ekomarketing. 
610 2 0 |a marketing environmentálny 
610 2 0 |a značky výrobkov 
610 2 0 |a ochrana prostredia životného 
610 2 0 |a spotrebitelia 
610 2 0 |a správanie spotrebiteľa 
610 2 0 |a reklama 
610 2 0 |a médiá 
100 1 |a Acreman, Shirley 
700 1 |a Took, David 
700 1 |a Snow, Liz